000 03277nam a22003617i 4500
003 DO-SdBNP
005 20231122141351.0
006 a||||gr|||| 00| 0
007 ta
008 210723e2020 dr adc fr 00| 1 edspa d
020 _a9789945613452
040 _aDO-SdBNP
_bspa
_cBNPHU
_erda
082 4 _a027.5
_bE56m 2018
_222
111 1 _aEncuentro Nacional de Archivos de la República Dominicana
_n(6to. :
_d 2018 :
_cSanto Domingo )
_979367
245 1 0 _aMemorias del 6to. Encuentro Nacional de Archivos :
_bgestión documental : administración electrónica /
_cCuidado de edición ; Raymundo González, Ángel Hernández.
246 1 0 _aGestión documental : administración electrónica
264 1 _aSanto Domingo :
_bArchivo General de la Nación,
_c2020.
300 _a156 páginas :
_bIlustraciones., gráficas, retratos. ;
_c25 cm.
336 _2rdacontent
_atexto
_btxt
337 _2rda media
_asin mediación
_bn
338 _2rdacarrier
_avolumen
_bnc
490 _aArchivo General de la Nación ;
_v378
505 0 _aPresentación, 9.-- Discurso de apertura: «Gestión documental y administración electrónica» / Roberto Cassá, 11.-- Los desafíos de la gestión del documento electrónico desde una perspectiva archivística / Ramón Alberch i Fugueras, 21.-- Marco normativo de tecnologías de la información y comunicación / Glenny Castro, 31.-- La gestión de los datos de carácter personal en los archivos a través del nuevo reglamento europeo de protección de datos personales / Cristina Díaz Martínez, 37.-- Normas sobre tecnologías de la información y comunicación NORTIC A2, A3 y E1 para el desarrollo y gestión de los medios Web, Datos Abiertos y Redes Sociales de Estado Dominicano / Huáscar Frías Vilorio, 49.-- Aspectos legales de la Firma Digital en República Dominicana / Jasmín Fabré, 59.-- Oficina paperless: los pasos previos / Marie-France Balasse, 63.-- La gestión de documentos electrónicos en la Comunidad de Madrid / Antonio González Quintana, 77.-- Firma Digital en la gestión documental / Jasmín Fabré, 99.-- La transición del documento analógico al documento digital: problemas y retos para la administración pública actual / Ramón Aguilera Murguía, 103.-- Plenaria: implementación del Archivo Digital Nacional / Erika Rangel, 111.-- El legado digital de la Junta Central Electoral / Juan Karlos Saladín, 115.-- Índice de uso de TIC e implementación de Gobierno Electrónico en el Estado Dominicano / Melvin Hilario, 121.-- Gobierno Digital / Armando García, 129.-- Palabras de clausura del 6.º Encuentro Nacional de Archivos / José Vílchez, 131.-- Anexos, 135.-- Lista de participantes por institución, 137.-- Programa del evento, 145.-- Fotos 6.º Encuentro Nacional de Archivos, 147.
590 _aInventariado 2023 / MF
650 4 _aDocumentos electrónicos
_xAdministración
_981238
650 4 _aAdministración de archivos
_981239
650 4 _aAdministración de sistemas de información
_947313
650 4 _aArchivos
_xCongreso, conferencias, etc.
_y2018.
_zRepública Dominicana
_981321
700 1 _aGonzález, Raymundo,
_d1961-
_e editor
_9627
700 1 _aHernández, Ángel,
_eeditor
_911092
910 _aLopérez/Validado. Control de calidad MFF
942 _2ddc
_cLBS1
999 _c50169
_d50169